[Event "Penang op 15th"]
[Site "Penang"]
[Date "2023.12.22"]
[Round "8"]
[White "Tobing, Daniel Hermawan Lum"]
[Black "Chay, Joon Hoong"]
[Result "1-0"]
[WhiteElo "2148"]
[BlackElo "1512"]
[PlyCount "65"]
[EventDate "2023.12.18"]
[EventType "swiss"]
[EventRounds "9"]
[EventCountry "MAS"]
[SourceTitle "CB52_2023"]
[SourceDate "2023.12.27"]
[SourceVersion "1"]
[SourceVersionDate "2023.12.27"]
[SourceQuality "1"]

1. e4 c6 2. d4 d5 3. Nc3 dxe4 4. Nxe4 Nf6 5. Nxf6+ exf6 6. c3 Bd6 7. Bd3 0-0 8. Qc2 Re8+ 9. Ne2 h5 10. 0-0 Qc7 11. h3 Nd7 12. Be3 Nf8 13. c4 Ne6 14. Rfe1 Bd7 15. Nc3 Rac8 16. Rad1 Qb8 17. Bf5 Nf8 18. Bxd7 Nxd7 19. Qf5 g6 20. Qf3 f5 21. c5 Bf8 22. b4 Nf6 23. Bf4 Qa8 24. Bg5 Bg7 25. d5 Rxe1+ 26. Rxe1 cxd5 27. Bxf6 Bxf6 28. Nxd5 Bg5 29. Ne7+ Bxe7 30. Rxe7 b6 31. Qxa8 Rxa8 32. c6 b5 33. Rb7 1-0

[Event "Penang op 15th"]
[Site "Penang"]
[Date "2023.12.21"]
[Round "7"]
[White "Simanihuruk, Nathanael Dieudonne"]
[Black "Tobing, Daniel Hermawan Lum"]
[Result "1/2-1/2"]
[WhiteElo "1880"]
[BlackElo "2148"]
[PlyCount "86"]
[EventDate "2023.12.18"]
[EventType "swiss"]
[EventRounds "9"]
[EventCountry "MAS"]
[SourceTitle "CB52_2023"]
[SourceDate "2023.12.27"]
[SourceVersion "1"]
[SourceVersionDate "2023.12.27"]
[SourceQuality "1"]

1. e4 c5 2. Nf3 d6 3. d4 cxd4 4. Nxd4 Nf6 5. Nc3 g6 6. Be3 Bg7 7. f3 0-0 8. Qd2 Nc6 9. 0-0-0 d5 10. exd5 Nxd5 11. Nxc6 bxc6 12. Bd4 e5 13. Bc5 Be6 14. Ne4 Re8 15. Bc4 Nf4 16. Bb3 Bxb3 17. axb3 Qc7 18. Kb1 Red8 19. Qf2 Ne6 20. Be3 Nd4 21. Bg5 Rd5 22. h4 a5 23. Nc3 Rd7 24. Be3 h6 25. Na4 Rad8 26. Qf1 Nf5 27. Rxd7 Qxd7 28. Bb6 Ng3 29. Qe1 Nxh1 30. Bxd8 Qxd8 31. Qxh1 Qd2 32. Qf1 f5 33. Qc4+ Kh7 34. Qxc6 Qxg2 35. c4 e4 36. fxe4 f4 37. h5 f3 38. e5 Qg1+ 39. Ka2 f2 40. hxg6+ Qxg6 41. Qf3 Qg1 42. Qf5+ Kg8 43. Qe6+ Kh7 1/2-1/2

[Event "Penang op 15th"]
[Site "Penang"]
[Date "2023.12.21"]
[Round "6"]
[White "Tobing, Daniel Hermawan Lum"]
[Black "Gnanasekar, Jai Adithya"]
[Result "1-0"]
[WhiteElo "2148"]
[BlackElo "1468"]
[PlyCount "81"]
[EventDate "2023.12.18"]
[EventType "swiss"]
[EventRounds "9"]
[EventCountry "MAS"]
[SourceTitle "CB52_2023"]
[SourceDate "2023.12.27"]
[SourceVersion "1"]
[SourceVersionDate "2023.12.27"]
[SourceQuality "1"]

1. e4 c5 2. Nf3 d6 3. d4 cxd4 4. Nxd4 Nf6 5. Nc3 a6 6. Bg5 e6 7. f4 Be7 8. Qf3 Qc7 9. 0-0-0 Nbd7 10. Bd3 b5 11. Rhe1 Bb7 12. Qg3 b4 13. Nd5 exd5 14. exd5 Kd8 15. Nc6+ Bxc6 16. dxc6 Qxc6 17. Bxf6 Nxf6 18. Qxg7 Re8 19. Bf5 Ra7 20. Qxf7 Rf8 21. Qb3 a5 22. g4 Nd7 23. Rxe7 Nc5 24. Rxa7 Nxb3+ 25. axb3 Rxf5 26. gxf5 Qc5 27. Rxh7 Qxf5 28. Rxd6+ Ke8 29. Rdd7 Qxf4+ 30. Kb1 Qf1+ 31. Ka2 a4 32. Ra7 axb3+ 33. cxb3 Qf3 34. Rh8+ Qf8 35. Ra8+ Kd7 36. Rhxf8 Ke6 37. Ra5 Kd7 38. Rf6 Kc8 39. Ra7 Kb8 40. Rg7 Ka8 41. Rf8# 1-0

[Event "Penang op 15th"]
[Site "Penang"]
[Date "2023.12.20"]
[Round "5"]
[White "Lee, Yun Rui"]
[Black "Tobing, Daniel Hermawan Lum"]
[Result "1/2-1/2"]
[WhiteElo "1718"]
[BlackElo "2148"]
[PlyCount "144"]
[EventDate "2023.12.18"]
[EventType "swiss"]
[EventRounds "9"]
[EventCountry "MAS"]
[SourceTitle "CB52_2023"]
[SourceDate "2023.12.27"]
[SourceVersion "1"]
[SourceVersionDate "2023.12.27"]
[SourceQuality "1"]

1. d4 Nf6 2. c4 g6 3. Nf3 Bg7 4. g3 0-0 5. Bg2 d6 6. Nc3 Nc6 7. 0-0 a6 8. e4 Rb8 9. h3 b5 10. cxb5 axb5 11. Re1 Nd7 12. d5 Na5 13. Nd4 b4 14. Ncb5 Nc5 15. a3 b3 16. Bd2 Nc4 17. Qe2 Rxb5 18. Qxc4 Rb6 19. Be3 Ba6 20. Qc3 Qd7 21. Qd2 Rb7 22. Red1 Qa4 23. Nc6 Nxe4 24. Nxe7+ Kh8 25. Bxe4 Qxe4 26. Nc6 Bb5 27. Bd4 f6 28. Nb4 Bd7 29. Kh2 h5 30. Qd3 Re8 31. Re1 Qxd3 32. Nxd3 f5 33. Bxg7+ Kxg7 34. Rxe8 Bxe8 35. Re1 Bf7 36. Nb4 Rb5 37. Rc1 Rc5 38. Rd1 Be8 39. f4 Rc4 40. Kg2 Kf6 41. Re1 Bf7 42. Rd1 h4 43. Rd3 hxg3 44. Kxg3 Rc1 45. h4 Rb1 46. Rd2 Rg1+ 47. Kf3 Rg4 48. Rh2 Rg1 49. Rd2 Kg7 50. Na6 Rc1 51. Ke3 Kh6 52. Rd3 Kh5 53. Rxb3 Bxd5 54. Rc3 Rxc3+ 55. bxc3 c5 56. Nc7 Bc6 57. Ne6 Kxh4 58. Ng5 Kg4 59. Nf7 Bd5 60. Nxd6 g5 61. fxg5 f4+ 62. Kf2 Kxg5 63. c4 Bc6 64. a4 Kf6 65. Ke2 Ke6 66. Nb5 Kd7 67. Kd3 Bg2 68. a5 Kc6 69. Nc3 Kc7 70. Na4 Kc6 71. a6 Bf1+ 72. Ke4 Bxc4 1/2-1/2

[Event "Penang op 15th"]
[Site "Penang"]
[Date "2023.12.19"]
[Round "3"]
[White "Cairel Adrin, Rumi Arjuna Malique"]
[Black "Tobing, Daniel Hermawan Lum"]
[Result "0-1"]
[WhiteElo "1570"]
[BlackElo "2148"]
[PlyCount "92"]
[EventDate "2023.12.18"]
[EventType "swiss"]
[EventRounds "9"]
[EventCountry "MAS"]
[SourceTitle "CB52_2023"]
[SourceDate "2023.12.27"]
[SourceVersion "1"]
[SourceVersionDate "2023.12.27"]
[SourceQuality "1"]

1. e4 c5 2. Nf3 d6 3. c3 Nf6 4. Be2 g6 5. 0-0 Bg7 6. d3 0-0 7. h3 Nc6 8. Be3 Rb8 9. a4 b6 10. Nbd2 e5 11. Nh2 d5 12. f4 d4 13. fxe5 Nd7 14. Bf4 Ndxe5 15. c4 Bd7 16. Ng4 Bxg4 17. Bxg4 Nxd3 18. Bxb8 Qxb8 19. Rb1 Bh6 20. Qe2 Be3+ 21. Kh1 Nf4 22. Qd1 Ne5 23. Be2 Qd8 24. Kh2 Qg5 25. g3 Nxe2 26. Qxe2 Bxd2 27. Rbd1 Be3 28. Rde1 h5 29. b3 h4 30. g4 Bf4+ 31. Kh1 Bg3 32. Rd1 Qe3 33. Qc2 Rd8 34. g5 Rd7 35. Rf6 d3 36. Qg2 d2 37. Rff1 Be1 38. Kh2 Rd3 39. Kh1 Rc3 40. Qh2 Qxe4+ 41. Kg1 Rg3+ 42. Qxg3 hxg3 43. Rdxe1 dxe1Q 44. Rxe1 Qxe1+ 45. Kg2 Qf2+ 46. Kh1 Qh2# 0-1

[Event "Penang op 15th"]
[Site "Penang"]
[Date "2023.12.18"]
[Round "2"]
[White "Tobing, Daniel Hermawan Lum"]
[Black "Rajasa, Muhammad Andi"]
[Result "0-1"]
[WhiteElo "2148"]
[BlackElo "1849"]
[PlyCount "100"]
[EventDate "2023.12.18"]
[EventType "swiss"]
[EventRounds "9"]
[EventCountry "MAS"]
[SourceTitle "CB52_2023"]
[SourceDate "2023.12.27"]
[SourceVersion "1"]
[SourceVersionDate "2023.12.27"]
[SourceQuality "1"]

1. e4 c5 2. Nf3 d6 3. d4 cxd4 4. Nxd4 Nf6 5. Nc3 a6 6. Bg5 Nbd7 7. f4 Qc7 8. Be2 h6 9. Bh4 e5 10. fxe5 dxe5 11. Nf5 g6 12. Ne3 Bb4 13. 0-0 Bxc3 14. bxc3 g5 15. Bg3 Qxc3 16. Bd3 Nxe4 17. Qf3 Nef6 18. Kh1 Qc6 19. Qxc6 bxc6 20. Nf5 Nh5 21. Nd6+ Ke7 22. Nxf7 Nxg3+ 23. hxg3 Rf8 24. Nxh6 Rh8 25. Rf7+ Kd6 26. Rh7 Rxh7 27. Bxh7 Nf6 28. Nf7+ Ke7 29. Bg6 Ng4 30. Rf1 Be6 31. Nxg5 Bxa2 32. Bf5 Ne3 33. Rf3 Nxf5 34. Rxf5 Bd5 35. g4 Kd6 36. Nf3 e4 37. Nd4 a5 38. Kh2 a4 39. Rf1 Ke5 40. c3 a3 41. g5 a2 42. Ra1 Rb8 43. Nxc6+ Bxc6 44. Rxa2 Kf4 45. Ra6 Bb5 46. Ra1 e3 47. g6 e2 48. Kg1 Kg3 49. c4 Bxc4 50. g7 Re8 0-1

[Event "Asia-ch U20"]
[Site "Tagaytay City"]
[Date "2022.11.24"]
[Round "8"]
[White "Quizon, Daniel"]
[Black "Tobing, Daniel Hermawan Lum"]
[Result "0-1"]
[WhiteElo "2420"]
[BlackElo "2162"]
[PlyCount "188"]
[EventDate "2022.11.19"]
[EventType "swiss"]
[EventRounds "9"]
[EventCountry "PHI"]
[SourceTitle "CBM 211 Extra"]
[Source "ChessBase"]
[SourceDate "2023.01.31"]
[SourceVersion "1"]
[SourceVersionDate "2023.01.31"]
[SourceQuality "1"]

1. d4 Nf6 2. c4 g6 3. Nc3 Bg7 4. g3 0-0 5. Bg2 d6 6. Nf3 Nc6 7. 0-0 Bf5 8. d5 Na5 9. Nd4 Bd7 10. b3 c5 11. dxc6 Nxc6 12. Bb2 Nxd4 13. Qxd4 Bc6 14. Nd5 Bxd5 15. Bxd5 Ne8 16. Qd2 Bxb2 17. Qxb2 Qc7 18. h4 Nf6 19. Bf3 h5 20. Rac1 Rac8 21. Rfd1 Rfd8 22. Rd2 b6 23. Rcd1 Qc5 24. e3 Qf5 25. Bg2 a5 26. e4 Nxe4 27. Re2 d5 28. Rd4 e6 29. Bxe4 dxe4 30. Rexe4 Qc5 31. Rd2 Qe7 32. Red4 Rxd4 33. Qxd4 Qc5 34. Qd7 Qc7 35. Qxc7 Rxc7 36. Rd8+ Kg7 37. Rb8 Rc6 38. Kf1 Kf6 39. Ke2 Rd6 40. Rb7 e5 41. Rc7 Ke6 42. c5 bxc5 43. Rxc5 Rd5 44. Rc6+ Kf5 45. Ra6 f6 46. Rc6 g5 47. Rc4 gxh4 48. Rxh4 Kg5 49. Rc4 f5 50. Ke3 e4 51. Rc8 Rd3+ 52. Ke2 Rd5 53. a4 Rd3 54. Rg8+ Kf6 55. Rb8 Kg5 56. Rg8+ Kf6 57. Rf8+ Kg5 58. Rb8 Rf3 59. Rb5 Kg4 60. Rb8 Kh3 61. Kf1 e3 62. Ke2 exf2 63. Kf1 Kxg3 64. Rg8+ Kf4 65. Rb8 h4 66. Rh8 h3 67. Rh7 Rxb3 68. Kxf2 Rb2+ 69. Kg1 Kg3 70. Rg7+ Kf4 71. Rh7 Rb3 72. Ra7 Ra3 73. Kh2 Rxa4 74. Kxh3 Kf3 75. Rc7 Ra3 76. Rc4 f4 77. Kh4 Ke3 78. Rc8 Ra2 79. Kg4 Rg2+ 80. Kh3 Rg3+ 81. Kh2 Kf3 82. Rc5 a4 83. Ra5 Rg2+ 84. Kh1 Ra2 85. Kg1 Ra1+ 86. Kh2 a3 87. Ra4 Ra2+ 88. Kh3 Ke3 89. Ra8 Ra1 90. Re8+ Kf3 91. Kh2 Rb1 92. Ra8 Rb2+ 93. Kh3 a2 94. Ra3+ Ke2 0-1

[Event "Asia-ch U20"]
[Site "Tagaytay City"]
[Date "2022.11.22"]
[Round "6"]
[White "Tobing, Daniel Hermawan Lum"]
[Black "Bacojo, Mark Jay"]
[Result "1/2-1/2"]
[WhiteElo "2162"]
[BlackElo "1949"]
[PlyCount "112"]
[EventDate "2022.11.19"]
[EventType "swiss"]
[EventRounds "9"]
[EventCountry "PHI"]
[SourceTitle "CBM 211 Extra"]
[Source "ChessBase"]
[SourceDate "2023.01.31"]
[SourceVersion "1"]
[SourceVersionDate "2023.01.31"]
[SourceQuality "1"]

1. e4 c5 2. Nf3 d6 3. d4 cxd4 4. Nxd4 Nf6 5. Nc3 g6 6. Be3 Bg7 7. f3 Nc6 8. Qd2 Nxd4 9. Bxd4 Be6 10. Bb5+ Bd7 11. Bc4 0-0 12. 0-0 Qa5 13. Rad1 Rfc8 14. Kh1 Qc7 15. Bb3 Bc6 16. Rfe1 b5 17. f4 Qb7 18. Bxf6 Bxf6 19. Nd5 Bh4 20. g3 Bf6 21. Kg1 Bg7 22. f5 a5 23. c3 Kh8 24. Nf4 Rf8 25. fxg6 hxg6 26. Qe2 a4 27. Bd5 e6 28. Bxc6 Qxc6 29. a3 Rad8 30. h4 Be5 31. Qe3 Kh7 32. Nh3 Rc8 33. Rd2 Kg7 34. Rf2 Qc5 35. Kg2 Qxe3 36. Rxe3 f5 37. Ng5 Rce8 38. exf5 gxf5 39. Rfe2 Rf6 40. Nf3 Bxg3 41. Nd4 Be5 42. Nxb5 Kh6 43. Kf1 f4 44. Rd3 f3 45. Ree3 f2 46. Rf3 Rxf3 47. Rxf3 Rb8 48. c4 Rc8 49. Rd3 Rxc4 50. Nxd6 Rf4 51. Re3 Bxb2 52. Rxe6+ Kh5 53. Re4 Rf6 54. Nc4 Bc1 55. Ne5 Bxa3 56. Rxa4 Bd6 1/2-1/2

[Event "Asia-ch U20"]
[Site "Tagaytay City"]
[Date "2022.11.21"]
[Round "4"]
[White "Tobing, Daniel Hermawan Lum"]
[Black "Dau, Khuong Duy"]
[Result "1/2-1/2"]
[WhiteElo "2162"]
[BlackElo "1993"]
[PlyCount "108"]
[EventDate "2022.11.19"]
[EventType "swiss"]
[EventRounds "9"]
[EventCountry "PHI"]
[SourceTitle "CBM 211 Extra"]
[Source "ChessBase"]
[SourceDate "2023.01.31"]
[SourceVersion "1"]
[SourceVersionDate "2023.01.31"]
[SourceQuality "1"]

1. e4 c5 2. Nf3 d6 3. d4 cxd4 4. Nxd4 Nf6 5. Nc3 g6 6. Be3 Bg7 7. f3 0-0 8. Qd2 Nc6 9. Bc4 Nxd4 10. Bxd4 Be6 11. Bb3 Qa5 12. 0-0-0 b5 13. Kb1 b4 14. Nd5 Bxd5 15. exd5 Qb5 16. Rhe1 a5 17. Qe2 Qxe2 18. Rxe2 a4 19. Bc4 Rfc8 20. Bb5 Ra5 21. Bxf6 Bxf6 22. Bc6 Rb8 23. f4 h5 24. g3 a3 25. b3 Rc5 26. Bd7 Rc3 27. Rd3 Rc7 28. Ba4 Bc3 29. Kc1 Kg7 30. Kd1 Rbc8 31. Bb5 Rb8 32. Bc4 Bf6 33. Re4 h4 34. g4 g5 35. fxg5 Bxg5 36. Rf3 f6 37. Bd3 Kf8 38. Ke2 Rc5 39. Rd4 Rc3 40. Rc4 Rxc4 41. bxc4 Ke8 42. Bf5 Kd8 43. Rb3 Kc7 44. h3 Bc1 45. Rf3 Kb6 46. Kd3 Kc5 47. Bd7 Rg8 48. Be6 Rg5 49. Bf5 Rg8 50. Rf1 Bb2 51. Re1 Be5 52. Be6 Rg5 53. Bd7 Rg8 54. Ba4 f5 1/2-1/2

[Event "Eastern Asia-ch U20"]
[Site "Batangas"]
[Date "2019.12.13"]
[Round "6"]
[White "Mordido, Justine Diego"]
[Black "Tobing, Daniel Hermawan Lum"]
[Result "1/2-1/2"]
[WhiteElo "1840"]
[BlackElo "2216"]
[PlyCount "92"]
[EventDate "2019.12.10"]
[EventType "swiss"]
[EventRounds "9"]
[EventCountry "PHI"]
[SourceTitle "CBM 193 Extra"]
[Source "ChessBase"]
[SourceDate "2020.01.31"]
[SourceVersion "1"]
[SourceVersionDate "2020.01.31"]
[SourceQuality "1"]

1. c4 g6 2. Nc3 Bg7 3. e4 d6 4. d4 Nf6 5. f3 0-0 6. Bg5 c5 7. d5 h6 8. Be3 e6 9. Qd2 exd5 10. cxd5 Nh7 11. Nge2 a6 12. a4 h5 13. Nd1 Nd7 14. Nec3 Ne5 15. Nf2 f5 16. Be2 Bd7 17. 0-0 Qf6 18. f4 Ng4 19. Bxg4 hxg4 20. e5 dxe5 21. fxe5 Qxe5 22. Nd3 Qxe3+ 23. Qxe3 Bd4 24. Qxd4 cxd4 25. Ne2 Rae8 26. Nc3 Ra8 27. Ne2 Rae8 28. Nxd4 Re4 29. Rf4 Rfe8 30. Rd1 b6 31. a5 g5 32. Rxe4 fxe4 33. Nb4 bxa5 34. Nxa6 Nf6 35. Nc5 g3 36. Nxd7 gxh2+ 37. Kxh2 Nxd7 38. Ne6 Nf6 39. Kg3 e3 40. Kf3 Nxd5 41. Rxd5 Rxe6 42. Rxg5+ Kf7 43. Ke2 Rb6 44. Rxa5 Rb5 45. b4 Rxb4 46. Kxe3 Rb2 1/2-1/2

[Event "Eastern Asia-ch U20"]
[Site "Batangas"]
[Date "2019.12.11"]
[Round "3"]
[White "Tobing, Daniel Hermawan Lum"]
[Black "Bacojo, Mark Jay"]
[Result "1-0"]
[WhiteElo "2216"]
[BlackElo "1906"]
[PlyCount "57"]
[EventDate "2019.12.10"]
[EventType "swiss"]
[EventRounds "9"]
[EventCountry "PHI"]
[SourceTitle "CBM 193 Extra"]
[Source "ChessBase"]
[SourceDate "2020.01.31"]
[SourceVersion "1"]
[SourceVersionDate "2020.01.31"]
[SourceQuality "1"]

1. e4 c5 2. Nf3 d6 3. d4 cxd4 4. Nxd4 Nf6 5. Nc3 a6 6. Bg5 e6 7. f4 Be7 8. Qf3 Qc7 9. 0-0-0 Nbd7 10. Bd3 b5 11. Rhe1 Bb7 12. Qg3 b4 13. Nd5 Bxd5 14. exd5 Nxd5 15. Be4 N7b6 16. Bxe7 Qxe7 17. Nc6 Qd7 18. Qxg7 Rf8 19. Nd4 0-0-0 20. f5 e5 21. Nf3 Qb5 22. Ng5 Nc3 23. bxc3 bxc3 24. Rd3 Qb2+ 25. Kd1 d5 26. Nxf7 dxe4 27. Nd6+ Rxd6 28. Qxf8+ Kb7 29. Qe7+ 1-0

[Event "Eastern Asia-ch U16 4th"]
[Site "Bangkok"]
[Date "2019.08.03"]
[Round "2.2"]
[White "Tobing, Daniel Hermawan Lum"]
[Black "Kang, Taehyung"]
[Result "1-0"]
[WhiteElo "2220"]
[BlackElo "1906"]
[PlyCount "107"]
[EventDate "2019.08.02"]
[EventType "swiss"]
[EventRounds "9"]
[EventCountry "THA"]
[SourceTitle "EXT 2024"]
[Source "ChessBase"]
[SourceDate "2023.10.10"]
[SourceVersion "1"]
[SourceVersionDate "2023.10.10"]
[SourceQuality "1"]

1. e4 c5 2. Nf3 d6 3. d4 cxd4 4. Nxd4 Nf6 5. Nc3 a6 6. Bg5 e6 7. f4 h6 8. Bh4 Qb6 9. Qd2 Qxb2 10. Nb3 Qa3 11. Bxf6 gxf6 12. Be2 Qb4 13. 0-0 Bg7 14. f5 0-0 15. Rad1 Nc6 16. Qe3 d5 17. exd5 Ne5 18. Rf4 Qe7 19. d6 Qd8 20. Nc5 b6 21. N5e4 exf5 22. Ng3 Ng6 23. Nxf5 Bxf5 24. Rxf5 Qd7 25. Rf2 f5 26. Nd5 Qxd6 27. Rf3 f4 28. Rxf4 Rad8 29. Rf5 Rde8 30. Qf2 Qe6 31. Bxa6 Rd8 32. Bc4 Qe4 33. Bb3 Ne7 34. Re1 Qxe1+ 35. Qxe1 Nxf5 36. c3 b5 37. h4 Nd6 38. Qg3 Nc4 39. Ne7+ Kh8 40. Nf5 Rg8 41. Qf4 Rd2 42. Nxh6 Rxg2+ 43. Kh1 Rg1+ 44. Kh2 Rg2+ 45. Kh3 Rg3+ 46. Qxg3 Bxh6 47. Qf3 Ne5 48. Qf6+ Bg7 49. Qf5 Rd8 50. h5 Rd3+ 51. Kg2 Rd2+ 52. Kg1 Nd3 53. Qxf7 Kh7 54. Qg6+ 1-0

[Event "Johor op 5th"]
[Site "Johor"]
[Date "2018.12.13"]
[Round "6"]
[White "Tobing, Daniel Hermawan Lum"]
[Black "Dang, Hoang Son"]
[Result "0-1"]
[WhiteElo "2107"]
[BlackElo "2358"]
[PlyCount "60"]
[EventDate "2018.12.10"]
[EventType "swiss"]
[EventRounds "9"]
[EventCountry "MAS"]
[SourceTitle "CBM 187 Extra"]
[Source "ChessBase"]
[SourceDate "2018.11.04"]
[SourceVersion "1"]
[SourceVersionDate "2018.11.04"]
[SourceQuality "1"]

1. e4 g6 2. d4 Bg7 3. Nc3 a6 4. Be3 d6 5. f3 Nd7 6. Qd2 Ngf6 7. h4 h6 8. Bc4 b5 9. Bb3 c5 10. Bd5 Nxd5 11. exd5 Nb6 12. dxc5 Nc4 13. Qf2 Nxe3 14. Qxe3 dxc5 15. Qxc5 Bf5 16. 0-0-0 Rc8 17. Qa3 Qb6 18. Ne4 b4 19. Qd3 0-0 20. Ne2 Rc7 21. g4 Bxe4 22. fxe4 Rfc8 23. Rd2 Qf6 24. Qb3 Rc4 25. Rhd1 a5 26. Nd4 Qxh4 27. Nc6 Rxe4 28. d6 exd6 29. Rxd6 Qxg4 30. Rd7 Qf4+ 0-1

[Event "Johor op 5th"]
[Site "Johor"]
[Date "2018.12.11"]
[Round "2"]
[White "Tobing, Daniel Hermawan Lum"]
[Black "Lorparizangeneh, Shahin"]
[Result "0-1"]
[WhiteElo "2107"]
[BlackElo "2491"]
[PlyCount "88"]
[EventDate "2018.12.10"]
[EventType "swiss"]
[EventRounds "9"]
[EventCountry "MAS"]
[SourceTitle "CBM 187 Extra"]
[Source "ChessBase"]
[SourceDate "2018.11.04"]
[SourceVersion "1"]
[SourceVersionDate "2018.11.04"]
[SourceQuality "1"]

1. e4 e5 2. Nf3 Nc6 3. Bb5 a6 4. Ba4 Nf6 5. 0-0 Be7 6. Re1 b5 7. Bb3 d6 8. c3 0-0 9. h3 Nb8 10. d4 Nbd7 11. Nbd2 Bb7 12. Bc2 Re8 13. Nf1 Bf8 14. Ng3 g6 15. Bg5 h6 16. Bxf6 Qxf6 17. Qd2 c5 18. a4 exd4 19. cxd4 Bg7 20. Qe2 b4 21. Rad1 Qf4 22. dxc5 Nxc5 23. Qc4 a5 24. Ne2 Qf6 25. e5 Qe6 26. Qxe6 Rxe6 27. Rxd6 Rxd6 28. exd6 Bxb2 29. Ned4 Rd8 30. Nb5 Bc6 31. Rb1 Bf6 32. Nfd4 Bxd4 33. Nxd4 Rxd6 34. Nxc6 Rxc6 35. Kf1 Ne6 36. Be4 Rc3 37. Rd1 Nc5 38. Bc6 b3 39. Ke2 Rc2+ 40. Ke3 b2 41. Rb1 Kf8 42. f4 Ke7 43. g4 Rh2 44. Kd4 Ne6+ 0-1

[Event "Penang op 10th"]
[Site "Penang"]
[Date "2018.12.04"]
[Round "2"]
[White "Foo, Jiu Yarng Clarance"]
[Black "Tobing, Daniel Hermawan Lum"]
[Result "1-0"]
[WhiteElo "1580"]
[BlackElo "2107"]
[PlyCount "83"]
[EventDate "2018.12.03"]
[EventType "swiss"]
[EventRounds "9"]
[EventCountry "MAS"]
[SourceTitle "CBM 187 Extra"]
[Source "ChessBase"]
[SourceDate "2018.11.04"]
[SourceVersion "1"]
[SourceVersionDate "2018.11.04"]
[SourceQuality "1"]

1. d4 Nf6 2. e3 g6 3. f4 Bg7 4. Nf3 0-0 5. c3 d5 6. Bd3 c5 7. 0-0 Nc6 8. Nbd2 b6 9. Qe2 Bb7 10. Ne5 Rc8 11. Ndf3 Nd7 12. Nxc6 Bxc6 13. Ne5 Bb7 14. Bd2 e6 15. Rae1 Nf6 16. g4 Ne4 17. Rd1 Qe7 18. Be1 f6 19. Nf3 e5 20. dxe5 fxe5 21. Bxe4 dxe4 22. Nxe5 Bxe5 23. fxe5 Qxe5 24. Bg3 Qe6 25. Bf4 Rf7 26. b3 c4 27. b4 Rcf8 28. Rd6 Qc8 29. Rfd1 b5 30. g5 Qh3 31. Qg2 Qc8 32. Qd2 Qg4+ 33. Qg2 Rxf4 34. exf4 Qxf4 35. Rf6 Rxf6 36. gxf6 Qxf6 37. Qg3 Qb6+ 38. Kf1 Qf6+ 39. Ke2 Qe7 40. Qb8+ Kg7 41. Qd8 Kf6 42. Rd6+ 1-0

[Event "Penang op 10th"]
[Site "Penang"]
[Date "2018.12.04"]
[Round "3"]
[White "Tobing, Daniel Hermawan Lum"]
[Black "Ong, Yi Herng Joel"]
[Result "1-0"]
[WhiteElo "2107"]
[BlackElo "1801"]
[PlyCount "135"]
[EventDate "2018.12.03"]
[EventType "swiss"]
[EventRounds "9"]
[EventCountry "MAS"]
[SourceTitle "CBM 187 Extra"]
[Source "ChessBase"]
[SourceDate "2018.11.04"]
[SourceVersion "1"]
[SourceVersionDate "2018.11.04"]
[SourceQuality "1"]

1. e4 e5 2. Nf3 Nc6 3. Bb5 a6 4. Ba4 Nf6 5. 0-0 b5 6. Bb3 Bb7 7. d3 Bc5 8. c3 d6 9. a4 0-0 10. Bg5 h6 11. Bh4 g5 12. Bg3 Ne7 13. Nbd2 Bb6 14. Re1 Ng6 15. Nf1 Kg7 16. Bc2 Re8 17. d4 Qd7 18. Ne3 Nxe4 19. dxe5 Nxg3 20. hxg3 Bxe3 21. Rxe3 Bxf3 22. Qxf3 Nxe5 23. Qe4 f5 24. Qxf5 Qxf5 25. Bxf5 Nc4 26. Rxe8 Rxe8 27. axb5 axb5 28. Bd7 Rb8 29. Ra7 Nxb2 30. Rxc7 b4 31. cxb4 Rxb4 32. Be8+ Kh8 33. Bg6 Rc4 34. Rh7+ Kg8 35. Kf1 Rc6 36. Rd7 Nc4 37. f4 gxf4 38. gxf4 Nb6 39. Rb7 d5 40. Bd3 Rd6 41. Kf2 Nd7 42. Rc7 Nf6 43. Kf3 Rd7 44. Rc6 Kg7 45. g4 Re7 46. Rd6 Rd7 47. Re6 d4 48. f5 Rc7 49. Kf4 Rd7 50. Rc6 Re7 51. Rd6 Rd7 52. Re6 Rc7 53. Rd6 Rd7 54. Re6 Rc7 55. g5 hxg5+ 56. Kxg5 Nh7+ 57. Kf4 Nf6 58. Ke5 Ng4+ 59. Kd6 Rc3 60. Rg6+ Kf7 61. Bb1 Ne3 62. Ba2+ Nc4+ 63. Kc5 Rf3 64. Bxc4+ Ke7 65. Re6+ Kd7 66. f6 d3 67. Rd6+ Kc7 68. Bxd3 1-0